| 000 | 00702nam a2200229 a 4500 | ||
|---|---|---|---|
| 999 |
_c514 _d514 |
||
| 005 | 20200104041512.0 | ||
| 008 | 140220b1992 ck ||||| |||| 00| 0 spa d | ||
| 040 |
_aCO-BoIAVH _cCO-BoIAVH |
||
| 041 | _aspa | ||
| 044 | _ack | ||
| 090 |
_aIND-I _b48 |
||
| 110 | _bInderena | ||
| 245 | 1 |
_aIdentificación de sitios y especies apropiadas para proyectos de reforestación en la Región Caribe _binforme final |
|
| 260 |
_aBogotá _bInderena _c1992 |
||
| 300 | _a116 páginas | ||
| 650 | _aAptitud del suelo | ||
| 650 | 1 | 4 | _aReforestación |
| 650 | 1 | 4 | _aInvestigación científica |
| 650 | 1 | 4 | _aSuelos |
| 650 | 1 | 4 | _aPlantaciones forestales |
| 942 |
_cINFORME _2z _01 |
||